000 00394nam a2200145Ia 4500
008 100204s9999 xx 000 0 und d
082 _b48
100 _aकदम बा.
245 _aगजरा
260 _bचंद्र्रकांत शेटये प्रकाशन
_c"1977,2"
300 _a168
630 _aगजरा
730 _aगजरा
942 _cBOOK
999 _c445245
_d445242